Globálne hodnototvorné reťazce odevného priemyslu v SR diplomová práca

Gespeichert in:
Bibliographische Detailangaben
1. Verfasser: Mičeková, Katarína
Körperschaft: Národohospodárska fakulta EU. Katedra verejnej správy a regionálneho rozvoja
Weitere Verfasser: Pástor, Rudolf
Format: Buch
Sprache:Slowakisch
Veröffentlicht: Bratislava 2018
Tags: Tag hinzufügen
Keine Tags, Fügen Sie das erste Tag hinzu!

MARC

LEADER 00000nbm a2200000 4500
001 0250624
005 20190204100638.7
041 0 |a slo 
044 |a SK 
245 1 0 |a Globálne hodnototvorné reťazce odevného priemyslu v SR  |b diplomová práca  |c Katarína Mičeková ; školiteľ: Rudolf Pástor 
264 1 |a Bratislava  |c 2018 
300 |a 76 s. 
100 1 |a Mičeková, Katarína 
700 1 |a Pástor, Rudolf 
710 2 |a Národohospodárska fakulta EU. Katedra verejnej správy a regionálneho rozvoja